LEADER 01198nam2 2200289 i 450 001 SUN0005209 005 20120322125915.136 010 $a18-552-1152-1 100 $a20020807d1992 |0engc50 ba 101 $aeng 102 $aGB 105 $a|||| ||||| 200 1 $aˆ1: ‰Society and family$fedited by Harry D. Krause 210 $aAldershot$cDartmouth$dc1992 215 $aXXXV, 518 p.$d26 cm. 461 1$1001SUN0005204$12001 $aFamily law$fedited by Harry D. Krause$v1$1210 $aAldershot$cDartmouth$dc1992$1215 $a2 v.$d26 cm. 606 $aDiritto di famiglia$xGran Bretagna$2FI$3SUNC003216 620 $dAldershot$3SUNL000151 676 $a346.01$cDiritto delle persone e diritto di famiglia$v22 702 1$aKrause$b, Harry D.$3SUNV004676 712 $aDartmouth$3SUNV001465$4650 801 $aIT$bSOL$c20181109$gRICA 912 $aSUN0005209 950 $aUFFICIO DI BIBLIOTECA DEL DIPARTIMENTO DI GIURISPRUDENZA$d00 CONS XV.Ef.33 1 $e00 572666 995 $aUFFICIO DI BIBLIOTECA DEL DIPARTIMENTO DI GIURISPRUDENZA$h572666$kCONS XV.Ef.33 1$oc$qa 996 $aSociety and family$91401840 997 $aUNICAMPANIA